000 00871cab a2200265 4500
001 ABS43974
008 090401t1991 xxu||||| |||| 00| 0 eng d
035 _a(Sirsi) u44516
041 _aeng
100 _aStedman, L.
245 _aLand engineering
260 _c1991
350 _a0
490 _aNew Civil Engineer
_v(929) 17 January 1991, 32-36(5)
520 _aThis special feature on the reclamation of derelict land reports on projects undertaken by British Coal , the techniques being used to control pollution from landfill sites and the application of computer modelling to studies of groundwater contamination by waste disposal sites.
650 _aCONTAMINATED LAND
650 _aINFILL
650 _aMINING
650 _aQUARRYING
690 _aLAND
700 _aRobbins, J.
700 _aWatson, R.
942 _n0
948 _c04/03/1997
999 _c28296
_d28296